| 000 | 00655nam a22002291a 4500 | ||
|---|---|---|---|
| 999 |
_c6706 _d6706 |
||
| 001 | 6706 | ||
| 003 | BD-JhCC | ||
| 005 | 20180401170445.0 | ||
| 008 | 180128s2010 bg a|||| ||b| 000 0 ben d | ||
| 020 | _a9840748807 | ||
| 035 | _a(BD-JhCC)6706 | ||
| 040 |
_aBD-JhCC _dBD-JhCC |
||
| 041 | _aben | ||
| 082 |
_a370.1 _bSAM 2010 |
||
| 100 | _aসামাদ, মো: আবদুস | ||
| 245 |
_aশিক্ষা ও গবেষণা / _cমো: আবদুস সামাদ |
||
| 260 |
_aঢাকা : _bবাংলা একাডমী, _c2010. |
||
| 300 |
_a341 p. : _c22 cm. |
||
| 650 | _aEducation | ||
| 942 |
_2ddc _cBK |
||